1116 1957 1697 1104 1769 1641 1321 1094 1651 1018 1148 1206 1143 1144 1554 1960 1522 1688 1097 1351 1067 1293 1450 1677 1298 1485 1497 1182 1951 1577 1954 1174 1453 1695 1654 1417 1039 1109 1097 1591 1482 1843 1766 1620 1352 1221 1734 1783 1256 1737 1524 1631 1865 1052 1527 1357 1719 1988 1224 1201 1805 1884 1818 1725 1143 1985 1615 1231 1356 1441 1927 1891 1999 1130 1486 1801 1754 1829 1350 1647 1014 1161 1247 1109 1676 1485 1350 1249 1254 1572 1711 1030 1056 1036 1412 1901 1314 1056 1455 BCNSPRNW ULIB Ver.6.0+V

เปลี่ยนเป็นภาษาไทย

Change to English
 แสดงรายละเอียดบรรณานุกรม
  กลับหน้าหลัก

Brief Record : Get Marc (ISO 2709) : E-mail record : QR code < ปิดหน้าต่าง
LEADER : 00000nam 2200000uu 4500
001    13399126715
003     ULIB
008    190221s2561||||th 000 0 tha d
020    ^a9786163983374
060  0 ^aWY152^bศ352ก^cล.1
100 0  ^aศิริรัตน์ ปานอุทัย
245 00 ^aการพยาบาลผู้สูงอายุ เล่ม 1 /^cศิริรัตน์ ปานอุทัย
250    ^aพิมพ์ครังที่ 2
260    ^aเชียงใหม่ : ^bโครงการตำราคณะพยาบาลศาสตร์ มหาวิทยาลัยเชียงใหม่,^c2561.
300    ^a224 หน้า
650  0 ^aการพยาบาล--ผู้สูงอายุ
945    ^p200^l0^i27086
945    ^p200^l0^i27085
945    ^p200^l0^i27067
945    ^p200^l0^i27066
945    ^p200^l0^i27065
999    ^aกัณชพร จุลอักษร
รายการนี้ยังไม่มีแท็ก
คุณยังไม่ได้ล็อกอิน คุณสามารถมีกิจกรรมร่วมกับเว็บไซต์ได้ แต่ต้องล็อกอินก่อน ::
  ล็อกอิน

รายการสื่อสารสนเทศ

ลำดับที่ ประเภท เลขเรียก/บาร์โค้ด สถานที่ สถานะ
1. หนังสือสำรอง
หนังสือสำรอง
WY152 ศ352ก ล.1 ฉ.1 
  Barcode: 27065
ห้องสมุดวิทยาเขตนครสวรรค์
►หนังสือทั่วไป:l:General Books
บนชั้น
2. วิทยาศาสตร์การแพทย์ และสุขภาพ
วิทยาศาสตร์การแพทย์ และสุขภาพ
WY152 ศ352ก ล.1 ฉ.2 
  Barcode: 27066
ห้องสมุดวิทยาเขตนครสวรรค์
►หนังสือทั่วไป:l:General Books
บนชั้น
3. วิทยาศาสตร์การแพทย์ และสุขภาพ
วิทยาศาสตร์การแพทย์ และสุขภาพ
WY152 ศ352ก ล.1 ฉ.3 
  Barcode: 27067
ห้องสมุดวิทยาเขตนครสวรรค์
►หนังสือทั่วไป:l:General Books
บนชั้น
4. วิทยาศาสตร์การแพทย์ และสุขภาพ
วิทยาศาสตร์การแพทย์ และสุขภาพ
WY152 ศ352ก ล.1 ฉ.4 
  Barcode: 27085
ห้องสมุดวิทยาเขตนครสวรรค์
►หนังสือทั่วไป:l:General Books
บนชั้น
5. วิทยาศาสตร์การแพทย์ และสุขภาพ
วิทยาศาสตร์การแพทย์ และสุขภาพ
WY152 ศ352ก ล.1 ฉ.5 
  Barcode: 27086
ห้องสมุดวิทยาเขตนครสวรรค์
►หนังสือทั่วไป:l:General Books
บนชั้น

รายการใกล้เคียง
    ผู้แต่ง [ศิริรัตน์ ปานอุทัย]

    หัวเรื่อง [การพยาบาล--ผู้สูงอายุ]

BibComment


ยังไม่เคยถูกคอมเมนท์

คอมเมนท์ทรัพยากรรายการนี้
  คอมเมนท์: การพยาบาลผู้สูงอ..


 Copyright 2026. Bcnsprnw @Library